Mesopotamia / (Record no. 94490)

MARC details
000 -CABECERA
campo de control de longitud fija 00563nam a2200193 a 4500
005 - FECHA Y HORA DE LA ÚLTIMA TRANSACCIÓN
campo de control 20210219154304.0
008 - ELEMENTOS DE LONGITUD FIJA--INFORMACIÓN GENERAL
campo de control de longitud fija 030228s1995 mx r 000 0 spa d
020 ## - NÚMERO INTERNACIONAL NORMALIZADO PARA LIBROS
Número Internacional Estándar del Libro 9688425338
035 ## - NÚMERO DE CONTROL DEL SISTEMA
Número de control de sistema UPN01000122293
049 ## - COLECCIÓN
Colección I
050 #4 - SIGNATURA TOPOGRÁFICA DE LA BIBLIOTECA DEL CONGRESO
Número de clasificación DS69.5
Número de documento/Ítem C3.5
100 1# - ASIENTO PRINCIPAL--NOMBRE PERSONAL
Nombre de persona Canseco Vincourt, Jorge
245 10 - MENCIÓN DE TÍTULO
Título Mesopotamia /
Mención de responsabilidad, etc. Jorge Canseco Vincourt.
260 ## - PUBLICACIÓN, DISTRIBUCIÓN, ETC.
Lugar de publicación, distribución, etc. México :
Nombre del editor, distribuidor, etc. INAH, Museo de las Culturas :
-- M.A. Porrúa,
Fecha de publicación, distribución, etc. 1995.
300 ## - DESCRIPCIÓN FÍSICA
Extensión 19 p. :
Otras características físicas il. (algunas col.)
440 #0 - MENCIÓN DE SERIE/ASIENTO SECUNDARIO--TÍTULO
Título Culturas antiguas
650 #4 - ASIENTO SECUNDARIO DE MATERIA - TERMINO TEMATICO
Término de materia o nombre geográfico como elemento de entrada MESOPOTAMIA -
Subdivisión general CIVILIZACION
905 ## - TIPO DE MATERIAL
Tipo de material Infantil
Holdings
Estado de retiro Estado de pérdida Fuente del sistema de clasificación o colocación Estado dañado No para préstamo Código de colección Localización permanente Ubicación/localización actual Ubicación en estantería Fecha de adquisición Enumeración/cronología de publicación seriada Clasificación Código de barras Fecha visto por última vez Número de copia Tipo de ítem Koha
    Library of Congress Classification   En proceso Infantil Bib. Gregorio Torres Quintero Bib. Gregorio Torres Quintero Sala infantil Planta baja 09/05/2023 correg. clas. DS69.5 C3.5 21897F 31/12/2020 1 Libro